• 首页
  • 本馆介绍
  • 公告通知
  • 最新文献
  • 馆藏检索
  • 电子资源
  • 读者导购
  • 参考咨询
  • 我的图书馆
  • 登录
  • 详细信息显示
  • 放入我的书架
  • 预约/预借图书
  • 作者相关作品
  • 分类相关作品
  • 丛书相关作品
  • 出版社相关作品

书目信息

  • 表格格式
  • 工作单格式
  • 卡片格式
题名:
国有资产管理规章制度选编(1997年)
    
 
作者: 国家国有资产管理局办公室 编
分册:  
出版信息: 北京   中国商业出版社  1998.8
页数: 492页
开本: 20cm
丛书名:
单 册:
中图分类: F123.7
科图分类:
主题词: 经济--中国
电子资源:
ISBN: 7-5044-3742-5
000 00547nam0 2200193 45
001 0003210905
005 20040426163802.5
010    @a7-5044-3742-5@dCNY26.00
100    @a20000321d1998 km y0chiy0120 ea
101    @achi
105    @a z 000yy
200 1  @a国有资产管理规章制度选编(1997年)@f国家国有资产管理局办公室编
210    @a北京@c中国商业出版社@d1998.8
215    @a492页@d20cm
606 0  @a经济@y中国
690    @aF123.7@v1
701    @a国家国有资产管理局办公室@4编
801    @aCN@bTSTC@c20000321
905    @dF123.7@e109@f2@b286272-273
    
    国有资产管理规章制度选编(1997年)/国家国有资产管理局办公室编.-北京:中国商业出版社,1998.8
    492页;20cm
    
    
    ISBN 7-5044-3742-5:CNY26.00
    
●
相关链接 在E读中查询图书 在五车中查询图书 在当当中查询图书 在豆瓣中查询图书


正题名:国有资产管理规章制度选编(1997年)     索取号:F123.7/109         预约/预借

序号 登录号 条形码 馆藏地/架位号 状态 备注
1 0286272   002862726   第一借阅区/ [索取号:F123.7/109] 在馆    
2 0286273   002862735   第一借阅区/ [索取号:F123.7/109] 在馆    
3 0286274   002862744   第一样本阅览室/ [索取号:F123.7/109] 在馆    
唐山师范学院图书馆 欢迎您!
大连网信软件有限公司© 版权所有